| 000 | 01035nam a22003137a 4500 | ||
|---|---|---|---|
| 003 | CHAP | ||
| 005 | 20220329133618.0 | ||
| 008 | 971013s1991 r 00010 d | ||
| 010 | _a8556 | ||
| 011 | _a9528 | ||
| 035 | _a8763 | ||
| 040 | _cCHAP | ||
| 090 | _aTesis | ||
| 100 | 0 | 0 |
_aArreola Alcalá, Gerardo de Jesús. _97438 |
| 245 | _aEstudio fenológico del Brasil (Condalia hookeri M.C. Johnst) en cuatro municipios del estado de Nuevo León, en 1989 | ||
| 260 |
_aMarín, N.L. : _bEl autor, _c1991 |
||
| 300 | _a73 h | ||
| 502 | _aTesis (Ing. Agr. Fitotecnista) -- UANL. Fac. de Agronomía | ||
| 590 |
_aALEPH _b10 _c20130110 _lUCH01 _h1223 |
||
| 590 |
_aBATCH-UPD _b10 _c20130110 _lUCH01 _h2154 |
||
| 590 |
_aBATCH-UPD _b10 _c20130410 _lUCH01 _h1502 |
||
| 590 |
_aBATCH-UPD _b10 _c20130914 _lUCH01 _h1026 |
||
| 590 |
_aCONVERSION _b10 _c20130109 _lUCH01 _h1306 |
||
| 650 | 1 | 4 |
_aArbustos _xNuevo Leon. _96736 |
| 650 | 1 | 4 |
_aCondalia hookeri. _926312 |
| 901 | _aBK | ||
| 942 | _cTESIS | ||
| 949 |
_bBC _cTES _d-19097 _eTS1 _h25968 _i8763 _si |
||
| 999 |
_c8556 _d8556 |
||